Das sollen deutsche Städte sein? - Statistiken

Allgemein
  • Dieses Quiz wurde 793 mal gespielt
  • Das Durchschnittsergebnis liegt bei 9 aus 12
Antwortstatistiken
1. "neue" Stadt 2. "neue" Stadt % Korrekt
Gelsenkusen Leverkirchen
98%
Stuttschweig Braungart
95%
Ludwigslautern Kaisershafen
87%
Heilruhe Karlsbronn
86%
Chemzig Leipnitz
86%
Salzmund Dortgitter
77%
Wupperborn Padertal
75%
Potsdorf Düsseldam
72%
Saarbaden Wiesbrücken
71%
Osnaloh Gütersbrück
66%
Heidelscheid Remberg
62%
Lülin Berbeck
61%
Keine übereinstimmenden Quizze gefunden
Verteilung der Resultate
Anzahl Personen mit jedem Resultat
Perzentil nach korrekt beantworteten Fragen
Ihre Resultats-Entwicklung
Sie haben dieses Quiz noch nicht gespielt